[Event "Wisla BES op"]
[Site "Wisla"]
[Date "1992.??.??"]
[Round "5"]
[White "Rotstein, Arkadij"]
[Black "Kolasinski, Marek"]
[Result "0-1"]
[WhiteElo "2410"]
[BlackElo "2315"]

1.c4 Nf6 2.Nf3 g6 3.g3 Bg7 4.Bg2 O-O 5.O-O d6 6.Nc3 e5 7.d3 Nc6 8.Rb1 Bf5
9.b4 Qd7 10.b5 Ne7 11.Bg5 Bh3 12.Bxh3 Qxh3 13.Bxf6 Bxf6 14.Nd5 Nxd5 15.cxd5 Qd7
16.Qc2 Bd8 17.Rfc1 f5 18.Rb4 g5 19.Nd2 g4 20.e3 Rf7 21.Qc4 Bg5 22.Rc2 h5
23.Qc3 Raf8 24.Qa3 f4 25.exf4 exf4 26.Ne4 fxg3 27.hxg3 Be3 28.Qc3 Bb6 29.Rbb2 h4
30.gxh4 g3 31.d4 Rf3 32.Qc4 Qg4 33.Nxg3 Bxd4 34.Kg2 R3f4 35.Qxc7 R4f7 36.Qxd6 Rf6
37.Qa3 Qxh4 38.d6 Rf3 39.Qb4 Rxg3+ 40.fxg3 Qe4+ 41.Kh2 Kg7 42.Rc7+ Kg6 43.Rh7 Kxh7
44.d7 Rh8  0-1

[Event "Wisla BES op"]
[Site "Wisla"]
[Date "1992.??.??"]
[Round "6"]
[White "Loginov, Valery A"]
[Black "Skalik, Przemyslaw"]
[Result "1-0"]
[WhiteElo "2540"]
[BlackElo "2375"]

1.Nf3 Nf6 2.g3 g6 3.Bg2 Bg7 4.c4 O-O 5.O-O d6 6.d4 Nbd7 7.Qc2 e5 8.Rd1 Qe7
9.Nc3 c6 10.b3 Re8 11.e4 exd4 12.Nxd4 Nc5 13.f3 a5 14.Be3 Nfd7 15.Bf2 Ne5
16.h3 a4 17.Rab1 axb3 18.axb3 Na6 19.Na2 Nc5 20.Nc1 h5 21.Nce2 g5 22.b4 Na4
23.Ra1 Nb6 24.c5 Rxa1 25.Rxa1 dxc5 26.bxc5 g4 27.fxg4 Nbc4 28.Nf5 Qf6 29.Ra4 Nb2
30.g5 Qxg5 31.Nxg7 Qxg7 32.Rd4 Nbc4 33.Rxc4 Nxc4 34.Qxc4 Qa1+ 35.Kh2 Rd8
36.Nd4 Qb2 37.Be3 Re8 38.Nf3 Be6 39.Qd3 Ra8 40.Bd4 Qc1 41.Bc3  1-0

[Event "Zalaegerszeg op"]
[Site "Zalaegerszeg"]
[Date "1992.??.??"]
[Round "?"]
[White "Barczay, Laszlo"]
[Black "Fogarasi, Tibor"]
[Result "0-1"]
[WhiteElo "2380"]
[BlackElo "2435"]

1.Nf3 Nf6 2.c4 g6 3.g3 Bg7 4.Bg2 O-O 5.O-O c6 6.d3 d5 7.Nbd2 Nbd7 8.Rb1 e5
9.b4 Re8 10.b5 cxb5 11.cxb5 Nb6 12.Bb2 Qd6 13.Qb3 Bf5 14.Rbd1 Rad8 15.a4 Qb8
16.h3 h6 17.g4 Bd7 18.a5 Nc8 19.d4 e4 20.Ne5 Be6 21.f4 exf3 22.exf3 Nd6 23.f4 Nfe4
24.f5 gxf5 25.gxf5 Nxd2 26.Rxd2 Nxf5 27.Qd3 Nd6 28.Rdf2 Qc7 29.Bc1 f5 30.Qg3 Nxb5
31.Bxh6 Nxd4 32.Bxg7 Qxg7 33.Qf4 Bf7 34.Nxf7 Kxf7 35.Kh1 Qe5 36.Qg5 Ke6 37.Qg6+ Kd7
38.Rd1 Kc8 39.Rfd2 Ne2 40.Bxd5 Kb8 41.Qg2 Nc3 42.a6 Nxd1  0-1

[Event "Zalakaros op"]
[Site "Zalakaros"]
[Date "1992.??.??"]
[Round "1"]
[White "Kustar, Sandor"]
[Black "Purtov, Andrei"]
[Result "1-0"]
[WhiteElo "2255"]
[BlackElo "2435"]

1.Nf3 Nf6 2.c4 g6 3.g3 Bg7 4.Bg2 O-O 5.O-O d6 6.d4 Nc6 7.Nc3 e5 8.d5 Ne7
9.c5 Ne8 10.cxd6 cxd6 11.Qb3 Kh8 12.e4 f5 13.exf5 gxf5 14.Ng5 Nc7 15.Ne6 Nxe6
16.dxe6 Nc6 17.Rd1 Nd4 18.Rxd4 exd4 19.Ne2 Re8 20.Nf4 Qa5 21.Bd5 Rb8 22.Qd1 b5
23.Bd2 Qb6 24.Qh5 Bb7 25.Qxf5 Be5 26.Re1 Qc7 27.Bb3 Qg7 28.Nd5 Qg6 29.Qxg6 hxg6
30.f4 Bg7 31.Nc7 Re7 32.Nxb5 Bf3 33.Nxd6 d3 34.Nf7+ Kg8 35.Ne5 Rxb3 36.axb3 Be2
37.Bc3 Bxe5 38.fxe5 Rxe6 39.Kf2 Rc6 40.Ra1 a6 41.Ke3 Kf7 42.Ra4 g5 43.h4 gxh4
44.gxh4 Ke6 45.Rf4 Kd5 46.Rd4+ Ke6 47.Kf4 Rb6 48.b4 Rc6 49.Ke4 Rb6 50.Rd8 Rd6
51.Ke3 Rb6 52.Rc8 Kd7 53.Rh8 Rg6 54.h5 Rg3+ 55.Kf2 Rf3+ 56.Ke1 Ke6 57.h6 Kf5
58.Rf8+ Kg6 59.Rf6+ Kh7 60.Rxa6 Rh3 61.b5 Rh2 62.Rd6 Bg4 63.b6 Re2+ 64.Kf1 Bh3+
65.Kg1 Rg2+ 66.Kh1 Rg8 67.Rxd3 Bf5 68.Rd6 Bg6 69.Bd2 Bf5 70.Kh2 Re8 71.Bf4 Rc8
72.e6  1-0

[Event "Ibercaja op"]
[Site "Zaragoza"]
[Date "1992.??.??"]
[Round "?"]
[White "Fernandez Lopez, Felix"]
[Black "Foisor, Ovidiu"]
[Result "0-1"]
[WhiteElo "2330"]
[BlackElo "2425"]

1.g3 g6 2.Bg2 Bg7 3.c4 Nf6 4.Nf3 O-O 5.O-O c6 6.d4 d6 7.b3 Qa5 8.Qd2 Qh5
9.Qg5 Qxg5 10.Bxg5 h6 11.Bc1 a6 12.Nbd2 b5 13.e4 Nfd7 14.Rb1 b4 15.Rd1 a5
16.a4 e5 17.Nf1 Re8 18.d5 Nc5 19.dxc6 Nxc6 20.Rxd6 Bb7 21.Be3 Nxe4 22.Rd7 Nc3
23.Re1 Bc8 24.Rd6 Ra6 25.Rd2 Ne7 26.Bc5 Re6 27.Ba7 Bb7 28.h4 Nc8 29.Be3 Nd6
30.N3h2 Bxg2 31.Kxg2 f5 32.f3 f4 33.Bf2 Nf5 34.Rd7 Nd4 35.gxf4 Nxb3 36.c5 exf4
37.c6 Rxe1 38.Bxe1 Nc5 39.Ra7 Rc8 40.Rxa5 Rxc6 41.Ra8+ Kh7 42.a5 Nd3 43.Bd2 b3
44.Rb8 b2 45.Bxc3 Bxc3 46.Rb7+ Kg8 47.Ng4 Nb4  0-1

[Event "Casablanca"]
[Site "Zaragoza"]
[Date "1992.??.??"]
[Round "?"]
[White "Torrecillas Martinez, Antonio"]
[Black "Etchegaray, Patrice"]
[Result "1-0"]
[WhiteElo "2325"]
[BlackElo "2315"]

1.c4 g6 2.g3 Bg7 3.Bg2 Nf6 4.Nf3 O-O 5.O-O c6 6.b3 d6 7.d4 e5 8.Nc3 Re8 9.e4 Nbd7
10.d5 Nc5 11.Qc2 a5 12.Bg5 h6 13.Be3 cxd5 14.cxd5 b6 15.h3 Ba6 16.Rfd1 Rc8
17.Nd2 Qc7 18.Bxc5 Qxc5 19.Rac1 Nh5 20.Nf1 Bf6 21.h4 Nf4 22.Qd2 Nxg2 23.Kxg2 Qb4
24.Qe3 b5 25.Nb1 a4 26.Nfd2 Qd4 27.Qxh6 Rxc1 28.Rxc1 Rc8 29.Rxc8+ Bxc8 30.h5 Bg7
31.Qg5 Kh7 32.hxg6+ fxg6 33.Qh4+ Bh6 34.Qe7+ Kg8 35.Qe8+ Kh7 36.Qe7+ Kg8
37.Qd8+ Kh7 38.Qc7+ Bg7 39.Qxc8 Qb2 40.bxa4 bxa4 41.a3 Bh6 42.Qd7+  1-0

[Event "Zuerich op"]
[Site "Zuerich"]
[Date "1992.??.??"]
[Round "?"]
[White "Cvitan, Ognjen"]
[Black "Georges, Sacha"]
[Result "1-0"]
[WhiteElo "2550"]
[BlackElo "2295"]

1.Nf3 Nf6 2.c4 g6 3.g3 Bg7 4.Bg2 O-O 5.d4 d6 6.Nc3 a6 7.O-O c6 8.e4 Bg4 9.Qb3 Qc8
10.Be3 Nbd7 11.Rac1 Rb8 12.h3 Bxf3 13.Bxf3 c5 14.Bg2 Ng4 15.hxg4 cxd4 16.Nd5  1-0

[Event "Mephisto-GM-Turnier"]
[Site "Altensteig"]
[Date "1993.??.??"]
[Round "11"]
[White "Bezold, Michael"]
[Black "Zueger, Beat"]
[Result "1/2-1/2"]
[WhiteElo "2490"]
[BlackElo "2395"]

1.c4 g6 2.g3 Bg7 3.Bg2 Nf6 4.Nf3 O-O 5.O-O d6 6.Nc3 c6 7.Rb1 d5 8.cxd5 cxd5
9.d3 Nc6 10.Bg5 Be6 11.Na4  1/2-1/2

[Event "Athens op"]
[Site "Athens"]
[Date "1993.??.??"]
[Round "6"]
[White "Rausis, Igors"]
[Black "Tsorbatzoglou, Theodoros"]
[Result "1-0"]
[WhiteElo "2575"]
[BlackElo "2290"]

1.Nf3 Nf6 2.c4 g6 3.g3 Bg7 4.Bg2 O-O 5.O-O d6 6.d4 Nbd7 7.Nc3 e5 8.Be3 Re8
9.h3 Qe7 10.Qd2 e4 11.Ng5 Nb6 12.b3 d5 13.cxd5 Nbxd5 14.Ngxe4 Nxe4 15.Nxd5 Nxd2
16.Nxe7+ Rxe7 17.Bxd2 Bxd4 18.Rae1 c6 19.e3 Bg7 20.Ba5 Be6 21.Rd1 Rc8 22.g4 b6
23.Bb4 c5 24.Ba3 Rd7 25.Rxd7 Bxd7 26.Rd1 Be6 27.Bf1 h5 28.Bc4 Bxc4 29.bxc4 hxg4
30.hxg4 Rc7 31.Rd8+ Kh7 32.Bc1 Bf6 33.Rd5 Kg7 34.Kf1 Kf8 35.e4 Ke7 36.Ke2 Rd7
37.f4 Rxd5 38.cxd5 Bd4 39.Kd3 b5 40.e5 a6 41.Ke4 f6 42.Bd2 fxe5 43.fxe5 Bb2
44.Bg5+ Kd7 45.e6+ Kd6 46.e7 Kd7 47.d6 c4 48.Kd5 Ba3 49.e8=Q+ Kxe8 50.Ke6 Bxd6
51.Kxd6 b4 52.Kc5 b3 53.axb3 cxb3 54.Bc1 g5 55.Kb4  1-0

[Event "AUT-chT"]
[Site "?"]
[Date "1993.??.??"]
[Round "?"]
[White "Schneider, Attila"]
[Black "Horvath, Jozsef"]
[Result "1/2-1/2"]
[WhiteElo "2375"]
[BlackElo "2505"]

1.Nf3 Nf6 2.c4 g6 3.g3 Bg7 4.Bg2 O-O 5.O-O d5 6.d4 dxc4 7.Na3 c3 8.bxc3 c5
9.Rb1 Nc6 10.Ne5 Nd5 11.Nxc6 bxc6 12.Qb3 cxd4 13.cxd4 Be6 14.Qc2 Bxd4 15.Bh6 Bg7
16.Bxg7 Kxg7 17.Qxc6 Rc8  1/2-1/2

[Event "Avoine Ronde op"]
[Site "Avoine"]
[Date "1993.??.??"]
[Round "?"]
[White "Heurtebize, Christophe"]
[Black "Apicella, Manuel"]
[Result "0-1"]
[WhiteElo "1750"]
[BlackElo "2475"]

1.c4 Nf6 2.g3 g6 3.Bg2 Bg7 4.Nf3 O-O 5.O-O c6 6.Nc3 d6 7.Re1 e5 8.d4 e4 9.Nd2 d5
10.cxd5 cxd5 11.f3 Nc6 12.fxe4 Nxe4 13.Ndxe4 dxe4 14.e3 f5 15.Ne2 Be6 16.Bd2 Qd6
17.Nf4 Bf7 18.a3 Rfd8 19.Kh1 h5 20.Rc1 Bf6 21.Bf1 Kg7 22.Bc4 Bxc4 23.Rxc4 Rd7
24.Rc5 Qe7 25.Qb3 Qf7 26.Qxf7+ Kxf7 27.Rec1 Be7 28.Rd5 Rxd5 29.Nxd5 Bd6 30.Kg2 Rd8
31.Nf4 h4 32.Be1 Ne7 33.Bb4 Bxb4 34.axb4 hxg3 35.Kxg3 g5 36.Ng2 Nd5 37.b5 Ke6
38.Ra1 Rf8 39.Rf1 b6 40.h4 gxh4+ 41.Kxh4 Rh8+ 42.Kg3 Rg8+ 43.Kf2 Rxg2+  0-1

[Event "Badalona op"]
[Site "Badalona"]
[Date "1993.??.??"]
[Round "6"]
[White "Fernandez Lopez, Felix"]
[Black "Perez, Pedro Tomas"]
[Result "1-0"]
[WhiteElo "2335"]
[BlackElo "2170"]

1.Nf3 Nf6 2.c4 g6 3.g3 Bg7 4.Bg2 O-O 5.O-O d6 6.d4 Nc6 7.Nc3 a6 8.h3 Rb8
9.e4 Nd7 10.Bg5 h6 11.Be3 Na5 12.b3 c5 13.Rc1 Nc6 14.Qd2 Kh7 15.Rfd1 e5 16.dxc5 dxc5
17.Nd5 Nd4 18.Ne1 f5 19.exf5 gxf5 20.f4 e4 21.Nc2 Nxc2 22.Rxc2 b6 23.g4 Nf6
24.Qe2 Qe8 25.Kh2 fxg4 26.Nxf6+ Bxf6 27.hxg4 Rg8 28.Bh3 Qg6 29.Rd6 Qf7 30.Rc1 Bd8
31.Rf1 Bc7 32.Rdd1 Bb7 33.Kh1 Bc6 34.Rf2 Rgf8 35.Rg1 Qd7 36.Rg3 Qd3 37.Qxd3 exd3+
38.Bg2 Bxg2+ 39.Kxg2 Rbd8 40.Bd2 Rd7 41.Rh3 Rd4 42.g5 Bxf4 43.Rxh6+ Kg8 44.Rg6+ Kh7
45.Rxb6 Bxd2 46.Rxf8 Bxg5 47.Rf7+ Kg8 48.Rf1 d2 49.Rg6+ Kh7 50.Rxg5 d1=Q
51.Rxd1 Rxd1 52.Kf3 Ra1 53.Ke4 Rxa2 54.Kd5 a5 55.Kxc5 a4 56.bxa4 Rxa4 57.Kb5 Ra1
58.c5 Rb1+ 59.Kc6 Kh6 60.Rg8 Kh7 61.Rg4 Rd1 62.Kc7  1-0

[Event "Baden-Baden op"]
[Site "Baden-Baden"]
[Date "1993.??.??"]
[Round "9"]
[White "Bockius, Albert"]
[Black "Mueller, W."]
[Result "1-0"]
[WhiteElo "2215"]
[BlackElo "2325"]

1.Nf3 Nf6 2.g3 g6 3.Bg2 Bg7 4.c4 O-O 5.Nc3 d6 6.d4 Nbd7 7.O-O e5 8.h3 c6
9.dxe5 dxe5 10.Qc2 Re8 11.Rd1 Qe7 12.e4 a5 13.b3 Bf8 14.Bb2 Nh5 15.Kh2 Nc5
16.Ne2 Qc7 17.g4 Ng7 18.Ng3 f5 19.gxf5 gxf5 20.Kh1 f4 21.Nf5 Bxf5 22.exf5 e4
23.Nd4 f3 24.Bf1 Qf4 25.Qd2 Qh4 26.Qc3 Qxf2 27.f6 e3 28.Nxf3 Ne4 29.Bg2 Nxc3
30.Bxc3 e2 31.Rd7 Rad8 32.f7+ Kh8 33.fxe8=Q Rxe8 34.Rg1 Qe3 35.Bd4 Qe6 36.Rxb7 Rd8
37.Bc3 Rd3 38.Ng5 Rxc3 39.Nxe6 Nxe6 40.Re1 Rc2 41.Bf3 Nd4 42.Be4 Rc3 43.Rxh7+ Kg8
44.Rg1+ Bg7 45.Rhxg7+ Kf8 46.R7g4 Ke7 47.Kg2 Kf6 48.h4 Ke5 49.Kf2 a4 50.h5 axb3
51.axb3 Rxb3 52.h6 Rb7 53.h7  1-0

[Event "Bagneux"]
[Site "Bagneux"]
[Date "1993.??.??"]
[Round "6"]
[White "Gollain, Marc"]
[Black "Urban, Klaudiusz"]
[Result "0-1"]
[WhiteElo "2285"]
[BlackElo "2450"]

1.c4 Nf6 2.Nf3 g6 3.g3 Bg7 4.Bg2 O-O 5.O-O d5 6.cxd5 Nxd5 7.Nc3 Nc6 8.d4 Nb6
9.e3 e5 10.dxe5 Nxe5 11.Nxe5 Bxe5 12.Qc2 c6 13.e4 Bg7 14.b3 Qe7 15.Bb2 Rd8
16.Ne2 Bxb2 17.Qxb2 Bg4 18.h3 Bxe2 19.Qxe2 a5 20.Qe3 Nd7 21.Rfd1 Nc5 22.Kh2 Ne6
23.f4 Qc5 24.Qxc5 Nxc5 25.e5 Kf8 26.Kg1 Ke7 27.Kf1 Nd3 28.Ke2 Nb4 29.Rxd8 Rxd8
30.Be4 Rd4 31.Ke3 c5 32.a3 Nd5+ 33.Bxd5 Rxd5 34.a4 Ke6 35.Rc1 h5 36.Rc3 Kf5
37.Rc4 b6 38.Rc3 Rd1 39.Kf3 Rd4 40.Re3 Ke6 41.Re4 Rd1 42.Ke2 Rh1 43.Kf3 h4
44.Kg2 Rb1 45.Re3 hxg3 46.Rd3 Kf5 47.Kxg3 Rb2 48.Kf3 Rc2 49.Kg3 Rc1 50.Re3 Rd1
51.Kf2 Rd4 52.Kg3 Rd1 53.Kf3 Rd4 54.Kg3 Rxf4 55.e6 fxe6 56.Rxe6 Rb4 57.Re3 c4
58.bxc4 Rxa4 59.Rb3 Rb4 60.Rc3 Ke4 61.c5 Kd4 62.Rc1 bxc5 63.Kg4 c4  0-1

[Event "Balatonfuzfo"]
[Site "Balatonfuzfo"]
[Date "1993.??.??"]
[Round "1"]
[White "Fancsy, Imre"]
[Black "Kofidis, Andreas"]
[Result "1-0"]
[WhiteElo "2300"]
[BlackElo "2360"]

1.Nf3 Nf6 2.c4 g6 3.g3 Bg7 4.Bg2 O-O 5.d4 d6 6.Nc3 Nbd7 7.O-O c6 8.e4 e5
9.h3 exd4 10.Nxd4 Re8 11.Be3 Nc5 12.Qc2 Qe7 13.Rfe1 a5 14.Rad1 Nfd7 15.Rd2 Na6
16.Red1 Ndc5 17.Nb3 Be5 18.Nd4 Bd7 19.Nde2 Be6 20.b3 Rad8 21.Bd4 f5 22.f4 Bxd4+
23.Nxd4 fxe4 24.Nxe4 Nb4 25.Qb1 Bxc4 26.bxc4 Nxe4 27.Re2 d5 28.cxd5 cxd5
29.Kh2 Nc6 30.Qb6 Qb4 31.Rb2 Qxb6 32.Rxb6 Nc3 33.Rd3 Nxa2 34.Rxb7 Nab4 35.Nxc6 Nxd3
36.Nxd8 Rxd8 37.Rb5 d4 38.Rxa5 Ne1 39.Bd5+ Kg7 40.Kg1 d3 41.Kf2 Nc2 42.Ra7+ Kh8
43.Ra8 Rxa8 44.Bxa8 Kg7 45.Be4 Kf6 46.Bxd3 Nd4 47.Ke3 Ne6 48.Bc4 Ng7 49.g4 g5
50.f5 Ke5 51.Bb5 h5 52.Bd7 hxg4 53.hxg4 Kf6 54.Kd4 Ke7 55.Ba4 Kd6 56.Bb5 Ke7
57.Ke5 Kf7 58.Bc4+ Kf8 59.Kf6 Ne8+ 60.Kxg5 Kg7 61.Kf4  1-0

[Event "Balatonfuzfo"]
[Site "Balatonfuzfo"]
[Date "1993.??.??"]
[Round "3"]
[White "Fancsy, Imre"]
[Black "Kalesis, Nikolaos"]
[Result "1/2-1/2"]
[WhiteElo "2300"]
[BlackElo "2310"]

1.Nf3 Nf6 2.c4 g6 3.g3 Bg7 4.Bg2 O-O 5.d4 d6 6.Nc3 c6 7.O-O Nbd7 8.e4 e5
9.h3 exd4 10.Nxd4 Re8 11.Be3 Nc5 12.Qc2 Qe7 13.Rfe1 a5 14.Rad1 Nfd7 15.Rd2 Na6
16.Red1 Ndc5 17.b3 a4 18.Rb1 axb3 19.axb3 Nb4 20.Qd1 Rd8 21.Nde2 Be6 22.Bd4  1/2-1/2

[Event "Balatonfuzfo"]
[Site "Balatonfuzfo"]
[Date "1993.??.??"]
[Round "6"]
[White "Fancsy, Imre"]
[Black "Forgacs, Attila"]
[Result "1-0"]
[WhiteElo "2300"]
[BlackElo "2200"]

1.Nf3 Nf6 2.c4 g6 3.g3 Bg7 4.Bg2 O-O 5.d4 d6 6.Nc3 Nbd7 7.O-O e5 8.e4 c6
9.h3 Qb6 10.c5 dxc5 11.dxe5 Ne8 12.Qc2 Qc7 13.Be3 b5 14.e6 fxe6 15.Ng5 Rf6
16.a4 Rb8 17.f4 b4 18.e5 Nxe5 19.Nce4 b3 20.Nxf6+ Nxf6 21.Qxc5 Nd3 22.Qxc6 Qxc6
23.Bxc6 Nd5 24.Bxa7 Rb4 25.Bb5 Nxb2 26.Bc5 Bd4+ 27.Bxd4 Rxd4 28.Rfb1 Rd2
29.Nf3 Rc2 30.Nd4 Rd2 31.Nxb3 Rc2 32.Ra2  1-0

[Event "JUG-chT2"]
[Site "Becici"]
[Date "1993.??.??"]
[Round "1"]
[White "Paunovic, Dragan"]
[Black "Todorovic, Jovan"]
[Result "1/2-1/2"]
[WhiteElo "2450"]
[BlackElo "2300"]

1.Nf3 Nf6 2.c4 g6 3.g3 Bg7 4.Bg2 O-O 5.d4 d6 6.O-O Nbd7 7.Qc2 e5 8.Rd1 Qe7
9.Nc3 c6 10.e4 Nb6 11.b3 Bg4 12.dxe5 dxe5 13.a4 Nbd7 14.Ba3 Nc5 15.a5 b6
16.Na4 Rfb8 17.axb6 axb6 18.Nxc5 bxc5 19.Bb2 Nd7 20.Ra4 Nf8 21.Rda1 Rxa4
22.bxa4 Bxf3 23.Bxf3 Ne6 24.a5 Qa7 25.Bg4 Nd4 26.Bxd4 cxd4 27.a6 Bf8 28.Qa4 h5
29.Be2 d3 30.Bxd3 Qd4 31.a7 Ra8 32.Rd1 Rxa7 33.Qc2 Ra1 34.Rxa1  1/2-1/2

[Event "JUG-chT2"]
[Site "Becici"]
[Date "1993.??.??"]
[Round "1"]
[White "Milanovic, Slobodan"]
[Black "Jesenski, Tibor"]
[Result "1/2-1/2"]
[WhiteElo "2250"]
[BlackElo "2230"]

1.Nf3 Nf6 2.c4 g6 3.g3 Bg7 4.Bg2 O-O 5.O-O d5 6.cxd5 Nxd5 7.d4 Nb6 8.Nc3 Nc6
9.d5 Na5 10.e4 c6 11.Bg5 Nac4 12.Qc2 h6 13.Bc1 cxd5 14.Nxd5 Nxd5 15.Qxc4 Nb6
16.Qe2 Be6 17.Rd1 Qc8 18.Nd4 Bg4 19.f3 Bh3 20.Be3 Bxg2 21.Kxg2 Qc4 22.Qf2 Qa6
23.b3 e5 24.Nc2 f5 25.Qe1 fxe4 26.fxe4 Rf7 27.Nb4 Qb5 28.a4 Qe8 29.Qe2 Nd7
30.Nd5 Nf6 31.Nxf6+ Rxf6 32.Rac1 Kh7 33.Qb5 Qe6 34.Rf1 Raf8 35.Rxf6 Rxf6
36.h3 b6 37.Rd1 Rf7 38.Qd5 Qf6 39.Qd3 Qf3+ 40.Kh2 Rd7 41.Qxd7 Qe2+ 42.Kh1 Qf3+
43.Kh2 Qe2+ 44.Kh1 Qf3+ 45.Kh2 Qe2+  1/2-1/2

[Event "Beersheba"]
[Site "Beersheba"]
[Date "1993.??.??"]
[Round "11"]
[White "Tseitlin, Mark D"]
[Black "Skembris, Spyridon"]
[Result "1/2-1/2"]
[WhiteElo "2430"]
[BlackElo "2545"]

1.Nf3 Nf6 2.g3 g6 3.Bg2 Bg7 4.c4 O-O 5.O-O d6 6.d4 Nbd7 7.Nc3 e5 8.h3 h6
9.dxe5 dxe5 10.Be3 Qe7 11.Rc1 c6 12.Qb3 Re8 13.Rfd1 Bf8 14.a3 Nc5 15.Qa2 a5
16.b3 Bf5 17.Qb2 Ncd7 18.Ra1 g5 19.Nd2 Qe6 20.g4 Bg6 21.Nde4 Nxe4 22.Nxe4 Be7
23.Ng3 Bc5 24.Qc3 Bxe3 25.Qxe3 Nf6 26.Qb6 Qe7 27.e4 Ra6 28.Qe3 Raa8 29.c5 Rad8
30.b4 Rxd1+ 31.Rxd1 Rd8 32.Rd3 Rxd3 33.Qxd3 axb4 34.axb4 Nd5 35.Qd2 Nf4 36.f3 Qe6
37.Ne2 Nxe2+ 38.Qxe2 Qb3 39.Qd2 Kg7 40.Kf2 f6 41.Qd7+ Qf7 42.Qd8 Qa2+ 43.Kg3 Bf7
44.Qd7 Qa6 45.Qd2 Qc4 46.h4 Qa2 47.Qxa2 Bxa2 48.Bf1 Kf8 49.h5 Ke7 50.Kf2 Kd7
51.b5 cxb5 52.Bxb5+ Kc7 53.Ke3 Bb3 54.Kd2 b6 55.cxb6+ Kxb6 56.Bd7 Kc5 57.Ke3 Bd1
58.Bc8 Kc4 59.Bd7 Kc3 60.Bc8 Ba4 61.Be6 Bb5 62.Bc8 Kc2 63.Bf5 Kd1 64.Kf2 Kd2
65.Be6 Be2 66.Bd7 Bd1 67.Bb5 Bb3 68.Bd7 Kd3 69.Bf5 Bd1 70.Bg6 Kd2  1/2-1/2

[Event "Beijing op"]
[Site "Beijing"]
[Date "1993.??.??"]
[Round "5"]
[White "Liu Wenzhe"]
[Black "Wang Zili"]
[Result "1/2-1/2"]
[WhiteElo "2390"]
[BlackElo "2515"]

1.Nf3 Nf6 2.g3 g6 3.Bg2 Bg7 4.c4 O-O 5.Nc3 d6 6.O-O Nbd7 7.d4 e5 8.d5 a5
9.e4 h6 10.Qc2 Nh7 11.Bd2 Nc5 12.Be3 Ng5 13.Nxg5 hxg5 14.Qd2 g4 15.Bxc5 dxc5
16.Rad1 Ra6 17.Qe3 Qd6 18.Na4 b6 19.Nc3 Bd7 20.Qe2 Raa8 21.a4 f5 22.f3 f4
23.fxg4 fxg3 24.hxg3 Bh6 25.g5 Bxg5 26.Nb5 Bxb5 27.axb5 Rxf1+ 28.Rxf1  1/2-1/2

[Event "Belgrade Trako"]
[Site "Belgrade"]
[Date "1993.??.??"]
[Round "5"]
[White "Arsovic, Zoran"]
[Black "Zontakh, Andrey"]
[Result "0-1"]
[WhiteElo "2295"]
[BlackElo "2455"]

1.Nf3 Nf6 2.c4 g6 3.g3 Bg7 4.Bg2 O-O 5.O-O d6 6.d4 Nbd7 7.Qc2 e5 8.dxe5 dxe5
9.Rd1 Re8 10.e4 c6 11.h3 Qe7 12.b3 Nc5 13.Ba3 Nfxe4 14.b4 Nxf2 15.Qxf2 e4
16.Nd4 Nd3 17.Qe3 Qe5 18.Nb3 Bxh3 19.Bxh3 Qh5 20.g4 Qh4 21.Bg2 Be5 22.N1d2 Bh2+
23.Kf1 f5 24.gxf5 gxf5 25.Nf3 exf3 26.Qxd3 fxg2+ 27.Kxg2 Re4  0-1

[Event "Belgrade Trako"]
[Site "Belgrade"]
[Date "1993.??.??"]
[Round "7"]
[White "Arsovic, Zoran"]
[Black "Ivanov, Jordan"]
[Result "1/2-1/2"]
[WhiteElo "2295"]
[BlackElo "2420"]

1.Nf3 Nf6 2.c4 g6 3.g3 Bg7 4.Bg2 O-O 5.Nc3 d6 6.O-O e5 7.d4 Nbd7 8.h3 Re8
9.e4 exd4 10.Nxd4 Nc5 11.Re1 Bd7 12.Rb1 Qc8 13.Kh2 a6 14.f4 a5 15.Nb3 Nxb3
16.axb3 Bc6 17.Qc2 b6 18.Bd2 Qb7 19.Nd5 Nd7 20.Bc3 Bxd5 21.cxd5 Re7 22.Bxg7 Kxg7
23.Rbc1 Nc5 24.e5 Rae8 25.e6 fxe6 26.dxe6 c6 27.f5 gxf5 28.Qxf5 d5 29.Qg5+ Kh8
30.Qf6+ Kg8 31.Re5 Rg7 32.Rf1 Qe7 33.Qh6 Rg6 34.Qh5 Nxe6 35.Rfe1 Qf7 36.Qe2 Rf6
37.Qe3 b5 38.Qc3 Qd7 39.Rxd5 cxd5 40.Qxf6 d4 41.Re4 Qf7 42.Rg4+ Kf8 43.Qh8+ Ke7
44.Qe5 Rd8 45.Rf4 Qg7 46.Qe1 d3 47.Re4 Qf6 48.Qd2 Kf7 49.Re3 Qd4 50.Re4 Qc5
51.Qh6 Qf5 52.Qd2 b4 53.h4 Qg6 54.Re5 Rc8 55.h5 Qf6 56.Re3 Qg5 57.Qxd3 Qxh5+
58.Bh3 Re8 59.Kg2 Nf8 60.Qc4+ Kg7 61.Qd4+ Kg8 62.Qc4+ Kg7 63.Bg4 Qg6 64.Qc7+ Kh8
65.Rxe8 Qxe8 66.Qxa5 Qe4+ 67.Bf3 Qe1 68.Qd5 Kg7 69.Qd4+ Kf7 70.Bd5+ Ke7 71.Qg7+ Kd6
72.Bf3 Qd2+ 73.Kh3 Ne6 74.Qf6 Qg5 75.Qh8 Qh6+ 76.Kg2 Qd2+ 77.Kg1 Qe3+ 78.Kg2 Qd2+
79.Kh1  1/2-1/2

[Event "Benasque op"]
[Site "Benasque"]
[Date "1993.??.??"]
[Round "7"]
[White "Antunes, Antonio"]
[Black "Ubilava, Elizbar"]
[Result "1/2-1/2"]
[WhiteElo "2425"]
[BlackElo "2530"]

1.Nf3 Nf6 2.c4 g6 3.g3 Bg7 4.Bg2 O-O 5.O-O d6 6.Nc3 e5 7.d3 Nc6 8.Rb1 a5
9.a3 Re8 10.Bg5 h6 11.Bxf6 Bxf6 12.b4 axb4 13.axb4 Bg7 14.b5 Ne7 15.Qc2 Be6
16.Nd2 c6 17.Ra1 d5 18.Rxa8 Qxa8 19.Rb1 Qa3 20.bxc6 bxc6 21.e3 Rd8 22.Bf1 Nf5
23.cxd5 cxd5 24.Nb5 Qe7 25.Nb3 Rc8 26.Qd1 d4 27.e4 Nd6 28.Nxd6 Qxd6 29.Nd2 Rc3
30.Qa4 Kh7 31.h4 Bg4 32.Qb4 Qf6 33.Qb2 g5 34.hxg5 Qxg5 35.Rc1 Rxc1 36.Qxc1 h5
37.Nb3 Qf6 38.Qe1 h4 39.Be2 Qg6 40.Bxg4 Qxg4 41.Nd2 Bh6 42.Nc4 f6 43.Kg2 Kg6
44.Qh1 hxg3 45.f3 Qd7 46.Qh3 Qxh3+ 47.Kxh3 Bf4 48.Nd6 Kh5 49.Nf5 Kg5 50.Kg2 Kg6
51.Kh3 Kg5 52.Kg2  1/2-1/2

[Event "Berliner Sommer"]
[Site "Berlin"]
[Date "1993.??.??"]
[Round "2"]
[White "Van der Werf, Mark"]
[Black "Istratescu, Andrei"]
[Result "1-0"]
[WhiteElo "2405"]
[BlackElo "2505"]

1.Nf3 Nf6 2.g3 g6 3.Bg2 Bg7 4.c4 O-O 5.Nc3 d6 6.d4 Nc6 7.O-O Rb8 8.h3 a6
9.Be3 Bd7 10.d5 Na5 11.b3 c5 12.dxc6 Nxc6 13.Rc1 Qa5 14.Qd2 b5 15.cxb5 axb5
16.Nd4 Nxd4 17.Bxd4 Rfc8 18.Qb2 b4 19.Nd5 Nxd5 20.Bxg7 f6 21.Bh6 Nc3 22.Qd2 Kf7
23.Be3 Rc7 24.Kh2 Rbc8 25.Bd4 Qh5 26.Rfe1 Bc6 27.g4 Qh4 28.f3 Bb7 29.e4 Qg5
30.f4 Qa5 31.g5 Nxe4 32.Rxc7 Nxd2 33.Rexe7+ Kf8 34.Rf7+ Kg8 35.Rg7+ Kf8 36.Rgf7+ Kg8
37.Rg7+ Kf8 38.Rcf7+ Ke8 39.Re7+ Kf8 40.Ref7+ Ke8 41.Rxb7  1-0

[Event "Bern op"]
[Site "Bern"]
[Date "1993.??.??"]
[Round "3"]
[White "Neckar, Lubomir"]
[Black "Brunner, Lucas"]
[Result "0-1"]
[WhiteElo "2365"]
[BlackElo "2455"]

1.Nf3 Nf6 2.c4 g6 3.g3 Bg7 4.Bg2 O-O 5.d4 d6 6.Nc3 Nbd7 7.O-O e5 8.h3 c6
9.e4 Qb6 10.b3 exd4 11.Na4 Qa5 12.Nxd4 Re8 13.Bd2 Qd8 14.Re1 Nxe4 15.Nxc6 bxc6
16.Bxe4 Bxa1 17.Bxc6 Rxe1+ 18.Bxe1 Rb8 19.Qxa1 Ne5 20.Bg2 Bb7 21.f4 Bxg2
22.Kxg2 Nd3 23.Bd2 Qe7 24.Nc3 Re8 25.Qf1 Nc5 26.Qf3 Qe6 27.Nd5 Qe2+ 28.Qf2  0-1

[Event "Bucharest schev"]
[Site "Bucharest"]
[Date "1993.??.??"]
[Round "?"]
[White "Barbulescu, Dan"]
[Black "Khachian, Melikset"]
[Result "1/2-1/2"]
[WhiteElo "2405"]
[BlackElo "2415"]

1.Nf3 Nf6 2.c4 g6 3.g3 Bg7 4.Bg2 O-O 5.O-O d5 6.cxd5 Nxd5 7.d4 Nc6 8.e4 Nb6
9.d5 Na5 10.Qe2 c6 11.dxc6 Nxc6 12.Rd1 Qc7 13.Na3 Bg4 14.Bf4 Qc8 15.Nb5 a6
16.Nc7 Ra7 17.Nd5 Nxd5 18.exd5 e5 19.Be3 Nd4 20.Nxd4 exd4 21.Rac1 Qd7 22.h3 Re8
23.Qf1 Bf3  1/2-1/2

[Event "Bucharest Tim"]
[Site "Bucharest"]
[Date "1993.??.??"]
[Round "1"]
[White "Lisenko, Alexander V"]
[Black "Tomescu, Vlad"]
[Result "1-0"]
[WhiteElo "2400"]
[BlackElo "2435"]

1.c4 Nf6 2.g3 g6 3.Bg2 Bg7 4.Nf3 O-O 5.O-O d6 6.d4 Nbd7 7.Qc2 e5 8.Rd1 exd4
9.Nxd4 Nb6 10.a4 a6 11.a5 Nbd7 12.Ra3 Re8 13.h3 Rb8 14.e4 Qe7 15.Re3 c5 16.Ne2 b5
17.axb6 Rxb6 18.Nbc3 Ne5 19.b3 Qf8 20.Na4 Rb8 21.Ba3 Bd7 22.f4 Bxa4 23.fxe5 Bh6
24.Rf3 Nxe4 25.bxa4 Rxe5 26.Bb2 Ree8 27.Rff1 Ng5 28.Rd3 Bg7 29.Bxg7 Qxg7
30.Nc3 Rb4 31.Nd5 Rb2 32.Qc3 Rbe2 33.Qxg7+ Kxg7 34.Nf4 Rc2 35.Rxd6 Rxc4 36.Rd7 Rd4
37.Bd5 Kh6 38.h4 Ne4 39.g4 g5 40.hxg5+ Nxg5 41.Rd6+ Kg7 42.Rd7 Rxa4 43.Nh5+ Kf8
44.Kh1 Re2 45.Ng3 Re5 46.Bxf7 Rd4 47.Bc4+ Ke8 48.Rxd4 cxd4 49.Bxa6 Ne6 50.Kg2 Rg5
51.Bc8  1-0

[Event "Bucharest Caissa"]
[Site "Bucharest"]
[Date "1993.??.??"]
[Round "12"]
[White "Vadasz, Laszlo"]
[Black "Groszpeter, Attila"]
[Result "1/2-1/2"]
[WhiteElo "2360"]
[BlackElo "2525"]

1.Nf3 Nf6 2.c4 g6 3.g3 Bg7 4.Bg2 O-O 5.O-O d6 6.d4 Nbd7 7.Nc3 e5 8.e4 c6
9.h3 Qa5 10.Be3 Nb6 11.Nd2 exd4 12.Bxd4 Be6 13.Qf3 Nbd7 14.Rfd1 Rfe8 15.Bf1 Rad8
16.a3 a6 17.b4 Qc7 18.Rac1 Qb8 19.Qd3 b5 20.Qb1 Ne5 21.cxb5 axb5 22.f4 Nc4
23.Nxc4 Bxc4 24.Bg2 d5 25.exd5  1/2-1/2

[Event "Budapest FS07 IM-A"]
[Site "Budapest"]
[Date "1993.??.??"]
[Round "1"]
[White "Kustar, Sandor"]
[Black "Stummer, Anton"]
[Result "1-0"]
[WhiteElo "2335"]
[BlackElo "2305"]

1.Nf3 Nf6 2.c4 g6 3.g3 Bg7 4.Bg2 O-O 5.O-O d6 6.d4 Nbd7 7.Nc3 e5 8.e4 c6
9.h3 Qb6 10.Re1 exd4 11.Nxd4 Ne8 12.Nb3 a5 13.Be3 Qb4 14.a3 Qxc4 15.Nd4 f6
16.Bf1 Qf7 17.b3 Kh8 18.Bc4 Qe7 19.Ne6 b5 20.Nxf8 bxc4 21.Nxd7 Qxd7 22.bxc4 Qxh3
23.Qf3 Bg4 24.Qg2 Qh5 25.Rac1 a4 26.Qh1 Qe5 27.Qg2 Qh5 28.Bd4 Ra5 29.f4 Bf3
30.Qh2 Qg4 31.Qh4 Qe6 32.c5 dxc5 33.f5 Qf7 34.Bf2 g5 35.Qh3 g4 36.Qh4 Bf8
37.e5 fxe5 38.Rxe5 Nf6 39.Rce1 Ra8 40.Re6 Nd5 41.Ne4 Qxf5 42.Nxc5 Rb8 43.Bd4+ Kg8
44.R6e5 Qc2 45.Rg5+ Bg7 46.Rxg7+ Kf8 47.Nd7+  1-0